Normal view MARC view
  • STEPHEN P. BORGATTI, MARTIN G. EVERETT, & JEFFREY C. JOHNSON

Entry Personal Name

Number of records used in: 1

001 - CONTROL NUMBER

  • control field: 34558

003 - CONTROL NUMBER IDENTIFIER

  • control field: OSt

005 - DATE AND TIME OF LATEST TRANSACTION

  • control field: 20250327160326.0

008 - FIXED-LENGTH DATA ELEMENTS

  • fixed length control field: 250327|| aca||aabn | a|a d

040 ## - CATALOGING SOURCE

  • Original cataloging agency: OSt
  • Transcribing agency: OSt

100 ## - HEADING--PERSONAL NAME

  • Personal name: STEPHEN P. BORGATTI, MARTIN G. EVERETT, & JEFFREY C. JOHNSON

670 ## - SOURCE DATA FOUND

  • Source citation: Work cat.: (OSt)7358: STEPHEN P. BORGATTI, MARTIN G. EVERETT, & JEFFREY C. JOHNSON, ANALYZING SOCIAL NETWORKS

Copyright © 2024 Indian Institute of Management Visakhapatnam
Koha v23.05